Dịch văn học và văn học dịch
Sparad:
| Huvudupphovsman: | |
|---|---|
| Materialtyp: | Bok |
| Språk: | Undetermined |
| Publicerad: |
Hà Nội
Văn Học
1996
|
| Ämnen: | |
| Taggar: |
Lägg till en tagg
Inga taggar, Lägg till första taggen!
|
| Thư viện lưu trữ: | Trung tâm Học liệu Trường Đại học Cần Thơ |
|---|
| LEADER | 00542nam a2200193Ia 4500 | ||
|---|---|---|---|
| 001 | CTU_35933 | ||
| 008 | 210402s9999 xx 000 0 und d | ||
| 020 | |b 50.000đ | ||
| 082 | |a 495.92202 | ||
| 082 | |b Th523 | ||
| 100 | |a Thúy Toàn | ||
| 245 | 0 | |a Dịch văn học và văn học dịch | |
| 245 | 0 | |c Thúy Toàn | |
| 260 | |a Hà Nội | ||
| 260 | |b Văn Học | ||
| 260 | |c 1996 | ||
| 650 | |a rhetoric,vietnamese language - translating | ||
| 904 | |i Minh, 000330 | ||
| 980 | |a Trung tâm Học liệu Trường Đại học Cần Thơ | ||